000 05474nam a22002297a 4500
005 20250806093308.0
008 250806b |||||||| |||| 00| 0 eng d
020 _a9789604187263
040 _aGR-AtMCL
_bgre
_dGR-AtMCL
_eAACR2
100 1 _aKalpakjian, Serope
_4070
_93719
245 1 _aΜηχανουργική/
_bΕπιστήμη και Τεχνολογία
250 _a7η εκδ.
260 _bΕκδόσεις Τζιόλα,
_c2019
300 _a977 σ.
520 _aΓενική εισαγωγή, βασικά στοιχεία υλικών, συμπεριφορά και κατασκευαστικές ιδιότητες, η δομή των μετάλλων, μηχανική συμπεριφορά, δοκιμές και κατασκευαστικές ιδιότητες υλικών, φυσικές ιδιότητες υλικών, μεταλλικά κράματα, δομή και ισχυροποίηση μέσω θερμικής κατεργασίας, σιδηρούχα μέταλλα και κράματα, παραγωγή, γενικές ιδιότητες και εφαρμογές, μη-σιδηρούχα μέταλλα και κράματα, παραγωγή, γενικές ιδιότητες και εφαρμογές, πολυμερή: δομή, γενικές ιδιότητες και εφαρμογές, κεραμικά, γυαλί, γραφίτης, διαμάντι και νανοϋλικά, δομή, γενικές ιδιότητες και εφαρμογές, σύνθετα υλικά, δομή, γενικές ιδιότητες και εφαρμογές, χύτευση μετάλλων, κατεργασίες και εξοπλισμός, χύτευση μετάλλων, βασικές έννοιες και αρχές, κατεργασίες και εξοπλισμός χύτευσης, χύτευση μετάλλων, σχεδιασμός, υλικά και οικονομοτεχνικά ζητήματα, κατεργασίες διαμόρφωσης και εξοπλισμός, κατεργασίες και εξοπλισμός έλασης μετάλλων, σφυρηλάτηση μετάλλων, κατεργασίες και εξοπλισμός, διέλαση και ολκή μετάλλων, κατεργασίες και εξοπλισμός, διαμόρφωση μεταλλικών ελασμάτων, κατεργασίες και εξοπλισμός, κονιομεταλλουργία, κατεργασίες και εξοπλισμός, κεραμικά, γυαλιά και υπεραγωγοί, κατεργασίες και εξοπλισμός, πλαστικά και σύνθετα υλικά κατεργασίες διαμόρφωσης και μορφοποίησης, τεχνικές ταχείας πρωτοτυποποίησης, κατεργασίες αποβολής υλικού και εργαλειομηχανές, κατεργασίες αποβολής υλικού, βασικές έννοιες και αρχές, υλικά κοπτικών εργαλείων και υγρά κοπής, κατεργασίες αποβολής υλικού, τόρνευση και δημιουργία οπών, κατεργασίες αποβολής υλικού, φρεζάρισμα, αυλάκωση, πριόνισμα, απόξεση και κατασκευή οδοντώσεων, κέντρα κατεργασιών, δομή εργαλειομηχανών και οικονομοτεχνικά ζητήματα, Κατεργασίες λείανσης και αποπεράτωσης, προηγμένες κατεργασίες αποβολής υλικού και εξοπλισμός, μικροκατεργασίες και παραγωγή μικροηλεκτρονικών διατάξεων, παραγωγή μικροηλεκτρονικών διατάξεων, νανοκατεργασίες, παραγωγή μικροηλεκτρομηχανικών διατάξεων και συστημάτων, κατεργασίες σύνδεσης και εξοπλισμός, τεχνικές συγκόλλησης με τήξη, συγκολλήσεις στερεάς κατάστασης, συγκολλήσεις μέσων και χαμηλών θερμοκρασιών, κόλληση και μηχανική σύνδεση, τεχνολογία των επιφανειών, επιφανειακή τραχύτητα, τριβή, φθορά και λίπανση, επιφανειακές κατεργασίες, επιστρώσεις και καθαρισμός επιφανειών, μηχανουργική μετρολογία, οργανολογία και διασφάλιση ποιότητας, μηχανουργική μετρολογία και οργανολογία, διασφάλιση ποιότητας, δοκιμές και επιθεώρηση, παραγωγή σε ανταγωνιστικό περιβάλλον, αυτοματοποίηση κατεργασιών, ψηφιακά υποβοηθούμενη παραγωγή, ολοκληρωμένα συστήματα κατεργασιών μέσω υπολογιστή, σχεδιασμός και παραγωγή προϊόντων σε ανταγωνιστικό περιβάλλον.
650 0 _aΜηχανουργική τεχνολογία
_99978
650 0 _aEngineering
_99979
700 1 _aSchmid, Steven R.
_93720
_4070
942 _cBK
999 _c8275
_d8275